000 00619nam a2200241Ia 4500
003 OSt
005 20220924150747.0
006 a|||||r|||| 00| 0
007 ta
008 220923b |||||||| |||| 00| 0 tel d
020 _c30
024 _a334470
037 _cTextual
040 _aARTS
_cARTS
_btel
041 _2tel
_atel
082 _aO35,3M77,1, N2.1-.2
100 _aLakshminarayana Unnava
_9222843
245 0 _aMaalapalli
260 _c1992
650 _aTELUGU FICTION
942 _hO35,3M77,1, N2.1-.2
_cTEXL
_2CC
999 _c464390
_d464390